Supercross 450 riders 2024 - Statistiques

Statistiques générales
  • Ce quiz a été pris 168 fois
    111 depuis la dernière actualisation
  • Le résultat moyen est 12 sur 25
Statistiques - réponses
Plate Number Réponse % Correct
3 Eli tomac
95%
2 Cooper Webb
92%
94 Ken Roczen
89%
18 Jett Lawrence
85%
51 Justin Barcia
85%
96 Hunter Lawrence
84%
14 Dylan Ferrandis
75%
21 Jason Anderson
75%
32 Justin Cooper
68%
1 Chase Sexton
64%
27 Malcom Stewart
63%
7 Aaron Plessinger
60%
15 Dean Wilson
41%
111 Jorge Prado
41%
9 Adam Cianciarulo
32%
12 Shane Mcelrath
27%
28 Christian Craig
26%
44 Josh Hill
23%
67 Benny Bloss
11%
45 Colt Nichols
10%
46 Justin Hill
8%
11 Kyle Chisholm
5%
22 Fredrik Noren
3%
74 Josh Cartwright
0%
282 Theodore Pauli
0%
Aucun quiz correspondant
Distribution des résultats
% des personnes avec chaque résultat
Percentile par nombre de réponses
Votre historique - résultats
Vous n’avez pas pris ce quiz depuis la dernière actualisation